Представление документа в формате RUSMARC

ПолеНазваниеЗначение
  Тип записи a
  Библиографический уровень a
001 Контрольный номер 4dfc0e1670ba400aaa9e95c963c1a3cd
005 Дата корректировки 20251127124218.2
100 Данные общей обработки __
a Данные общей обработки 20250905 ||| 0rusy0189 ca
101 Язык документа 0_
a Язык текста rus
102 Страна публикации __
a Страна публикации RU
200 Заглавие и сведения об ответственности 1_
a Заглавие Спешите делать добро
e Сведения, относящиеся к заглавию [правила этикета в общественном транспорте]
f Первые сведения об ответственности В. Селезнёва
461 Уровень набора _0
1 2000
a Мурзилка
463 Уровень физической единицы _0
1 2000
b Текст
a № 8
v С. 27-28 : ил.
1 2101
d 2025
1 001aa628d7fe391426ea2635c16a4462261
606 Тематические рубрики 0_
a Основная рубрика Культура поведения. Этикет
610 Ключевые слова 0_
a Ключевые слова этикет, культура поведения, правила этикета, общественный транспорт, правила поведения, общественные нормы
686 Индексы других классификаций __
a Классификационный индекс 87.78
700 Автор _1
a Фамилия Селезнёва
b Имя (инициалы) В.
g Полное личное имя Вера
801 Источник записи _0
a Страна RU
b Организация УОБДЮ
c Дата составления 20250905
g Правила каталогизации RCR
801 Источник записи _1
a Страна RU
b Организация УОБДЮ
c Дата составления 20250905
g Правила каталогизации RCR
901 Тип документа __
t Тип документа b
w Контрольный № источника aa628d7fe391426ea2635c16a4462261
905 Данные по созданию БЗ __
b Логин пользователя, который создал БЗ ibo10